000 00448nam a2200181Ia 4500
005 20250603144933.0
008 250603s9999 xx 000 0 und d
020 _a9783031191961
050 _aQP 121 .E94/
100 _aEdited by Ferretti, Guido
245 0 _aExercise, Respiratory and Environmental Physiology
260 _aSwitzerland
260 _bSpringer
260 _c2023
300 _a443 p
650 _aSwitzerland
942 _cBK
999 _c40392
_d40392